| 000 | 01579cam a22004097a 4500 | ||
|---|---|---|---|
| 003 | CHAP | ||
| 005 | 20220817043753.0 | ||
| 008 | 010516d1998 mx r 00110 spa d | ||
| 010 | _a83900 | ||
| 011 | _a84872 | ||
| 035 | _a95398 | ||
| 040 | _cCHAP | ||
| 082 | 0 | 4 | _2338.9 M65 |
| 100 | 0 | 0 |
_aMorales, Josefina _ecomp. _978464 |
| 245 | 1 | 0 |
_aAntología de Alonso Aguilar Monteverde: _btemas de economía política _c/comp. por Josefina Morales, Isaac Palacios e irma Portos |
| 260 |
_aMéxico, D.F. : _bNuestro Tiempo, S.A., _c1998- |
||
| 300 | _av. | ||
| 500 | _aLa biblioteca tiene: v.1 | ||
| 590 |
_aBATCH-UPD _b10 _c20130110 _lUCH01 _h0444 |
||
| 590 |
_aBATCH-UPD _b10 _c20130410 _lUCH01 _h0121 |
||
| 590 |
_aBATCH-UPD _b10 _c20130914 _lUCH01 _h1151 |
||
| 590 |
_aCONVERSION _b10 _c20130109 _lUCH01 _h1347 |
||
| 650 | 1 | 4 | _aDesarrollo económico. |
| 650 | 1 | 4 |
_aEconomía. _935226 |
| 650 | 1 | 4 | _aPolítica económica. |
| 700 | 0 |
_aPalacios, Isaac. _984858 |
|
| 700 | 0 |
_aPortos, Irma. _991013 |
|
| 901 | _aBK | ||
| 905 | _aMarco A. Mendoza T. | ||
| 942 | _cLIBRO | ||
| 949 |
_a338.9 M65 _bBC _cLIBRO _d33724000819595 _eLIBRO _fv.1 c.3 _h100101 _i95398 _si |
||
| 949 |
_a338.9 M65 _bBC _cLIBRO _d33724000819637 _eLIBRO _fv.1 _h100099 _i95398 _si |
||
| 949 |
_a338.9 M65 _bBC _cLIBRO _d33724000819645 _eLIBRO _fv.1 c.2 _h100100 _i95398 _si |
||
| 949 |
_a338.9 M65 _bBC _cLIBRO _d33724000880175 _eLIBRO _fv.1 c.4 _h103197 _i95398 _sb |
||
| 949 |
_a338.9 M65 _bBC _cLIBRO _d33724000880183 _eLIBRO _fv.1 c.5 _h103198 _i95398 _sb |
||
| 949 |
_a338.9 M65 _bBC _cLIBRO _d33724000880191 _eLIBRO _fv.1 c.6 _h103199 _i95398 _sb |
||
| 999 |
_c83900 _d83900 |
||